000 00688nam a22001817a 4500
008 170118b xxu||||| |||| 00| 0 eng d
020 _a9780072961287
050 _aHA29
_b.L56 2005
100 _aLind, Douglas A
245 _aStatistical techniques in business & economics /
_cDouglas A. Lind, William G. Marchal, Samuel A. Wathen
260 _aBoston :
_bMcGraw-Hill Irwin,
_c2005
300 _a xv, 800 p. :
_bcol. ill. ;
_c28 cm.
_e1 CD-ROM (4 3/4 in.)
500 _aIncludes index
650 _2Social sciences Commercial statistics
_xStatistical methods Economics,Statistical methods
700 _aMarchal, William G
700 _a Wathen, Samuel Adam
942 _2lcc
_cBK
999 _c47973
_d47973